Normal view MARC view
  • CARBON STEEL .STEEL ALLOYS.CORROSION BEHAVIOR OF STEELS.PROTECTION OF STEEL FROM CORROSION.STEELS FOR ROLLING ELEMENT BEARING.STEELS FOR GEARS.STEELS FOR SPRINGS.STEELS FORTHREADED FASTENERS.STEELS FOR AUTOMOTIVE APPLICATIONS.STEELS FOR AIRCRAFT AND AEROSPACE APPLICATIONS.STEELS FOR OIL AND GAS PIPELINES.STEELS FOR COAL FIRED POWER PLANTS.STEELS FOR BUILDING AND BRIDGES.STEELS FOR SHIPS AND OFFSHORE STRUCTURES.STEELS FOR RAILROAD EQUIPMENT

Entry Topical Term

Number of records used in: 1

001 - CONTROL NUMBER

  • control field: 58496

003 - CONTROL NUMBER IDENTIFIER

  • control field: NUST

005 - DATE AND TIME OF LATEST TRANSACTION

  • control field: 20210628202145.0

008 - FIXED-LENGTH DATA ELEMENTS

  • fixed length control field: 210628|| aca||aabn | a|a d

040 ## - CATALOGING SOURCE

  • Original cataloging agency: NUST
  • Transcribing agency: NUST

150 ## - HEADING--TOPICAL TERM

  • Topical term or geographic name entry element: CARBON STEEL .STEEL ALLOYS.CORROSION BEHAVIOR OF STEELS.PROTECTION OF STEEL FROM CORROSION.STEELS FOR ROLLING ELEMENT BEARING.STEELS FOR GEARS.STEELS FOR SPRINGS.STEELS FORTHREADED FASTENERS.STEELS FOR AUTOMOTIVE APPLICATIONS.STEELS FOR AIRCRAFT AND AEROSPACE APPLICATIONS.STEELS FOR OIL AND GAS PIPELINES.STEELS FOR COAL FIRED POWER PLANTS.STEELS FOR BUILDING AND BRIDGES.STEELS FOR SHIPS AND OFFSHORE STRUCTURES.STEELS FOR RAILROAD EQUIPMENT

670 ## - SOURCE DATA FOUND

  • Source citation: Work cat.: (NUST): Davis , J.R 58495, Carbon and alloy steels ,asm specialty handbook, 1996
© 2023 Central Library, National University of Sciences and Technology. All Rights Reserved.